<?xml version="1.0" encoding="UTF-8"?><?xml-stylesheet type="text/xsl" href="static/style.xsl"?><OAI-PMH xmlns="http://www.openarchives.org/OAI/2.0/" xmlns:xsi="http://www.w3.org/2001/XMLSchema-instance" xsi:schemaLocation="http://www.openarchives.org/OAI/2.0/ http://www.openarchives.org/OAI/2.0/OAI-PMH.xsd"><responseDate>2026-04-19T06:29:42Z</responseDate><request verb="GetRecord" identifier="oai:riubu.ubu.es:10259/8410" metadataPrefix="marc">https://riubu.ubu.es/oai/request</request><GetRecord><record><header><identifier>oai:riubu.ubu.es:10259/8410</identifier><datestamp>2024-05-10T11:36:33Z</datestamp><setSpec>com_10259_4734</setSpec><setSpec>com_10259_5086</setSpec><setSpec>com_10259_2604</setSpec><setSpec>com_10259_4415</setSpec><setSpec>com_10259_3989</setSpec><setSpec>com_10259.4_106</setSpec><setSpec>com_10259_5645</setSpec><setSpec>col_10259_4735</setSpec><setSpec>col_10259_4416</setSpec><setSpec>col_10259_5646</setSpec></header><metadata><record xmlns="http://www.loc.gov/MARC21/slim" xmlns:doc="http://www.lyncode.com/xoai" xmlns:xsi="http://www.w3.org/2001/XMLSchema-instance" xmlns:dcterms="http://purl.org/dc/terms/" xsi:schemaLocation="http://www.loc.gov/MARC21/slim http://www.loc.gov/standards/marcxml/schema/MARC21slim.xsd">
<leader>00925njm 22002777a 4500</leader>
<datafield tag="042" ind1=" " ind2=" ">
<subfield code="a">dc</subfield>
</datafield>
<datafield tag="720" ind1=" " ind2=" ">
<subfield code="a">Sáiz Vázquez, Olalla</subfield>
<subfield code="e">author</subfield>
</datafield>
<datafield tag="720" ind1=" " ind2=" ">
<subfield code="a">Gracia García, Patricia</subfield>
<subfield code="e">author</subfield>
</datafield>
<datafield tag="720" ind1=" " ind2=" ">
<subfield code="a">Ubillos Landa, Silvia</subfield>
<subfield code="e">author</subfield>
</datafield>
<datafield tag="720" ind1=" " ind2=" ">
<subfield code="a">Puente Martínez, Alicia</subfield>
<subfield code="e">author</subfield>
</datafield>
<datafield tag="720" ind1=" " ind2=" ">
<subfield code="a">Casado Yusta, Silvia</subfield>
<subfield code="e">author</subfield>
</datafield>
<datafield tag="720" ind1=" " ind2=" ">
<subfield code="a">Olaya, Beatriz</subfield>
<subfield code="e">author</subfield>
</datafield>
<datafield tag="720" ind1=" " ind2=" ">
<subfield code="a">Santabárbara, Javier</subfield>
<subfield code="e">author</subfield>
</datafield>
<datafield tag="260" ind1=" " ind2=" ">
<subfield code="c">2021-04</subfield>
</datafield>
<datafield tag="520" ind1=" " ind2=" ">
<subfield code="a">Alzheimer’s disease (AD) is the most frequent cause of dementia, linked to morbidity&#xd;
and mortality among elderly patients. Recently, several clinical studies suggested that depression&#xd;
is a potential risk factor for cognitive decline and AD. A review of meta-analyses was performed,&#xd;
calculating pooled odds ratios to estimate the risk of AD in people with a prior diagnosis (or clinically&#xd;
significant symptoms) of depression. A total of six meta-analyses which represented 28 individual&#xd;
studies were analyzed. A significant association between depression and AD was found (OR = 1.54,&#xd;
95% CI [1.02–2.31]; p = 0.038). The results showed that heterogeneity across studies was substantial.&#xd;
We found a significant positive effect size for clinical measures of depression, but not for symptomatic&#xd;
rating scales, in the association of depression with risk of AD. The type of rating scale used to assess&#xd;
depression and the cut-off criteria selected also moderated the relationship between depression and&#xd;
AD risk. We found that studies that used clinically significant criteria for diagnosis of depression had&#xd;
more consistent and significant results than studies that used symptomatic scales.</subfield>
</datafield>
<datafield tag="024" ind2=" " ind1="8">
<subfield code="a">http://hdl.handle.net/10259/8410</subfield>
</datafield>
<datafield tag="024" ind2=" " ind1="8">
<subfield code="a">10.3390/jcm10091809</subfield>
</datafield>
<datafield tag="024" ind2=" " ind1="8">
<subfield code="a">2077-0383</subfield>
</datafield>
<datafield ind1=" " ind2=" " tag="653">
<subfield code="a">Depression</subfield>
</datafield>
<datafield ind1=" " ind2=" " tag="653">
<subfield code="a">Alzheimer's disease</subfield>
</datafield>
<datafield ind1=" " ind2=" " tag="653">
<subfield code="a">Clinical and symptomatic criteria</subfield>
</datafield>
<datafield ind1=" " ind2=" " tag="653">
<subfield code="a">Meta-meta-analysis</subfield>
</datafield>
<datafield tag="245" ind1="0" ind2="0">
<subfield code="a">Depression as a Risk Factor for Alzheimer’s Disease: A Systematic Review of Longitudinal Meta-Analyses</subfield>
</datafield>
</record></metadata></record></GetRecord></OAI-PMH>